| 000 | 00357 a2200121 4500 | ||
|---|---|---|---|
| 020 | _a0618433899 (pbk.) | ||
| 082 | _a808.0666 RIO | ||
| 100 | _aRiordan, Daniel G. | ||
| 245 |
_aTechnical report writing today / _cDaniel G. Riordan. |
||
| 250 | _a8th ed. | ||
| 260 |
_aBoston : _bHoughton Mifflin Company, _c2004. |
||
| 300 |
_axxx, 606 p. : _bill. ; _c24 cm. |
||
| 650 | _aTechnical writing. | ||
| 999 |
_c2230 _d2230 |
||